عذاب القبر ونعيمه وعظمة الموت / (رقم التسجيلة. 569)

تفاصيل مارك
000 -الفاتح
عناصر البيانات ثابتة الطول 00521cam a2200157 i 4500
005 - تاريخ ووقت آخر معاملة
حقل ضبط 20251203104245.0
008 - عناصر البيانات ثابتة الطول
عناصر البيانات ثابتة الطول 250721s1979 ua gr 000 0 ara d
082 14 - رقم تصنيف ديوي العشري
رقم التصنيف 214.2
رقم المادة ع ب د
100 1# - مدخل رئيسي – اسم شخصي
الاسم الشخصي عاشور، عبد اللطيف
علاقة الشخص بالعمل/ دوره مؤلف.
245 10 - بيان العنوان
العنوان عذاب القبر ونعيمه وعظمة الموت /
بيان المسؤولية عبداللطيف عاشور.
264 31 - بيانات النشر، التوزيع…إلخ
مكان النشر، التوزيع...إلخ القاهرة :
اسم الناشر، الموزع...إلخ مكتبة القران،
تاريخ النشر، التوزيع...إلخ 1979.
300 ## - الوصف المادي
عدد الوحدات المكونة للوعاء 112 صفحة.
650 17 - مدخل إضافي بالموضوع - مصطلح موضوعي
مصطلح موضوعي أو اسم جغرافي كعنصر مدخل اليوم الآخر.
942 ## - بيانات إضافية (كوها)
نوع التنصيف Dewey Decimal Classification
نوع المادة (كوها) كتب
المقتنيات
حالة السحب حالة الفقدان مصدر التصنيف حالة التلف غير قابل للإعارة المكتبة الرئيسية المكتبة الحالية موقع الرف تاريخ التزويد الرقم المتسلسل Total Checkouts رقم الإستدعاء الباركود تاريخ آخر ظهور تاريخ الفاتورة نوع المادة (كوها)
    Dewey Decimal Classification     المكتبة المركزية المكتبة المركزية الإعارة 06/07/2004 321243   214.2 / ع ب د 321243 28/07/2025 06/07/2004 كتب
    Dewey Decimal Classification Unchecked   مكتبة الاميرة بديعة مكتبة الاميرة بديعة الإعارة 06/07/2004 6357   214.2/عبد   28/07/2025 06/07/2004 كتب
    Dewey Decimal Classification Unchecked   مكتبة الحسن العامة مكتبة الحسن العامة الإعارة 06/07/2004 10864   214.2/عبد   28/07/2025 06/07/2004 كتب
    Dewey Decimal Classification     مكتبة النصر العامة مكتبة النصر العامة الإعارة 08/11/2014 (9110)   214.2/عبد PLD00309734 28/07/2025 08/11/2014 كتب
    Dewey Decimal Classification Unchecked   مكتبة حمزة العامة مكتبة حمزة العامة الإعارة 06/07/2004 1081   214.2/عبد   28/07/2025 06/07/2004 كتب
    Dewey Decimal Classification Unchecked   مكتبة وادي السير العامة مكتبة وادي السير العامة الإعارة 06/07/2004 7223   214.2/عبد   28/07/2025 06/07/2004 كتب
Implemented & Customized by: BBB with SCIT (Smart Chains for Information Technology)

Powered by Koha